Sports Quiz

Random Sports or Basketball Quiz

WNBA Teams Quiz Stats

 Plays Quiz Updated Oct 3, 2016

Score 0/12 Timer 04:00
0 Plays Today
Conference Team % Correct
WesternLos Angeles Sparks
86.4%
EasternNew York Liberty
73.9%
EasternConnecticut Sun
61.6%
WesternMinnesota Lynx
59.3%
WesternPhoenix Mercury
57.4%
WesternSeattle Storm
56.6%
WesternDallas Wings
53.3%
EasternChicago Sky
49%
WesternLas Vegas Aces
48.2%
EasternWashington Mystics
47.8%
EasternAtlanta Dream
46.5%
EasternIndiana Fever
45.8%

You're not logged in!

Compare scores with friends on all Sporcle quizzes.
OR
Log In

Sporcle TV

Today on Sporcle TV


Watch our educational content, quiz creation guides, and fun videos on Sporcle TV.

Show Comments

Extras

Top Quizzes Today


Score Distribution

Your Account Isn't Verified!

In order to create a playlist on Sporcle, you need to verify the email address you used during registration. Go to your Sporcle Settings to finish the process.

Report this User

Report this user for behavior that violates our Community Guidelines.

Details: